| 000 | 01242cam a2200349 a 4500 | ||
|---|---|---|---|
| 001 | 3105874 | ||
| 003 | NUST - PNEC | ||
| 005 | 20170116181058.0 | ||
| 008 | 990128s1999 nyua 001 0 eng c | ||
| 010 | _a 99191117 | ||
| 020 | _a0070220611 (pbk.) : | ||
| 035 | _a(OCoLC)40695177 | ||
| 040 |
_aNJQ _cLIBRARY _dDLC |
||
| 042 | _apcc | ||
| 050 | 0 | 0 |
_aHF5718.22 _b.T44 1999 |
| 082 | 0 | 0 | _a808.51 TEM |
| 100 | 1 | _aTempleton, Melody. | |
| 245 | 1 | 0 |
_aSchaum's quick guide to great presentations / _cMelody Templeton, Suzanne Sparks FitzGerald. |
| 246 | 1 | 8 | _aGreat presentation skills |
| 260 |
_aNew York, N.Y. : _bMcGraw-Hill, _cc1999. |
||
| 300 |
_aviii, 190 p. : _bill. ; _c22 cm. |
||
| 440 | 0 | _aSchaum's quick guide series | |
| 500 | _aIncludes index. | ||
| 650 | 0 |
_aBusiness presentations. _xMIS |
|
| 700 | 1 | _aFitzgerald, Suzanne Sparks. | |
| 856 | 4 | 2 |
_3Publisher description _uhttp://www.loc.gov/catdir/description/mh021/99191117.html |
| 856 | 4 | 1 |
_3Table of contents _uhttp://www.loc.gov/catdir/toc/mh021/99191117.html |
| 906 |
_a7 _bcbc _cpccadap _d3 _encip _f19 _gy-gencatlg |
||
| 942 |
_2ddc _cBK |
||
| 999 |
_c68631 _d68631 |
||